NUCLEAR MODELS , COLLECTIVE AND SINGLE - PARTICAL PHENOMENA (Record no. 575573)
[ view plain ]
| 000 -LEADER | |
|---|---|
| fixed length control field | 00318nam a22001217a 4500 |
| 020 ## - INTERNATIONAL STANDARD BOOK NUMBER | |
| International Standard Book Number | 0-444-87089-X |
| 082 ## - DEWEY DECIMAL CLASSIFICATION NUMBER | |
| Classification number | 539.7 EIS'N |
| 100 ## - MAIN ENTRY--PERSONAL NAME | |
| Personal name | EISENBERZ, JUDAH M |
| 9 (RLIN) | 67882 |
| 245 ## - TITLE STATEMENT | |
| Title | NUCLEAR MODELS , COLLECTIVE AND SINGLE - PARTICAL PHENOMENA |
| 260 ## - PUBLICATION, DISTRIBUTION, ETC. | |
| Place of publication, distribution, etc. | NEWYORK |
| Name of publisher, distributor, etc. | NORTH HOLLAND |
| Date of publication, distribution, etc. | 1987 |
| 300 ## - PHYSICAL DESCRIPTION | |
| Extent | 917P |
| 942 ## - ADDED ENTRY ELEMENTS (KOHA) | |
| Koha item type | Book |
| Withdrawn status | Lost status | Damaged status | Not for loan | Permanent Location | Current Location | Shelving location | Date acquired | Total Checkouts | Full call number | Barcode | Date last seen | Price effective from | Koha item type |
|---|---|---|---|---|---|---|---|---|---|---|---|---|---|
| College of Electrical & Mechanical Engineering (CEME) | College of Electrical & Mechanical Engineering (CEME) | General Stacks | 08/01/2017 | 539.7 EIS'N | CEME-27942 | 06/28/2021 | 06/28/2021 | Book |
